| 000 | 00400 a2200169 4500 | ||
|---|---|---|---|
| 001 | 44984 | ||
| 020 | _a8576351439 | ||
| 040 | _cAnchieta - Aquarius | ||
| 100 | _aRogeon, Sandrine Deredel | ||
| 240 | 1 | 0 |
_aPedro tem medo de fantasmas _lpor |
| 245 | 1 | 0 | _aPedro tem medo de fantasmas |
| 300 | _a19 | ||
| 362 | 0 | _a2006 | |
| 440 | 1 | _aLarousse do Brasil | |
| 650 | 4 | _aLiteratura infantil | |
| 942 | _cBK | ||
| 999 |
_c44984 _d44984 |
||